LEADER 01643nam 2200433 450 001 996200294203316 005 20230421041251.0 035 $a(CKB)111055184265066 035 $a(SSID)ssj0000558078 035 $a(PQKBManifestationID)12253530 035 $a(PQKBTitleCode)TC0000558078 035 $a(PQKBWorkID)10557671 035 $a(PQKB)10424267 035 $a(WaSeSS)IndRDA00123932 035 $a(EXLCZ)99111055184265066 100 $a20200527d1995 uy 0 101 0 $aeng 135 $aur||||||||||| 181 $ctxt 182 $cc 183 $acr 200 10$aInternational Conference on Computer Design $eVLSI in computers & processors : proceedings :October 2-4, 1995, Austin, Texas /$fsponsored by IEEE Computer Society Technical Committee on Design Automation, IEEE Circuits and Systems Society 210 1$aLos Alamitos, California :$cIEEE Computer Society,$d1995. 215 $a1 online resource (iii, 709 pages) 300 $aBibliographic Level Mode of Issuance: Monograph 311 $a0-8186-7165-3 606 $aElectronic digital computers$xCircuits$vCongresses 606 $aIntegrated circuits$xVery large scale integration$vCongresses 615 0$aElectronic digital computers$xCircuits 615 0$aIntegrated circuits$xVery large scale integration 676 $a621.38195835 712 02$aIEEE Computer Society.$bDesign Automation Technical Committee, 712 02$aIEEE Circuits and Systems Society, 801 0$bWaSeSS 801 1$bWaSeSS 906 $aBOOK 912 $a996200294203316 996 $aInternational Conference on Computer Design$92332543 997 $aUNISA LEADER 01160nam 2200397 450 001 9910823119603321 005 20220702191021.0 010 $a1-914228-36-7 035 $a(MiAaPQ)EBC6745877 035 $a(Au-PeEL)EBL6745877 035 $a(CKB)20343406400041 035 $a(OCoLC)1291314065 035 $a(EXLCZ)9920343406400041 100 $a20220702d2021 uy 0 101 0 $aeng 135 $aurcnu|||||||| 181 $ctxt$2rdacontent 182 $cc$2rdamedia 183 $acr$2rdacarrier 200 10$aBalisong /$fJennifer Adam 210 1$a[Place of publication not identified] :$cSalamander Street Ltd.,$d[2021] 210 4$d©2021 215 $a1 online resource (59 pages) 311 08$aPrint version: Adam, Jennifer Balisong La Vergne : Salamander Street Ltd.,c2021 327 $aFront Cover -- Title Page -- Copyright Page -- Contents -- Balisong. 606 $aKnives 615 0$aKnives. 676 $a621.932 700 $aAdam$b Jennifer$01712345 801 0$bMiAaPQ 801 1$bMiAaPQ 801 2$bMiAaPQ 906 $aBOOK 912 $a9910823119603321 996 $aBalisong$94104401 997 $aUNINA LEADER 01935nam 22004813a 450 001 9910917294403321 005 20250203235901.0 010 $a9783035202618 010 $a3035202613 024 8 $a10.3726/978-3-0352-0261-8 035 $a(CKB)36719349100041 035 $a(ScCtBLL)796e7477-b747-4d58-bcc6-521148049ae7 035 $a(OCoLC)885122723 035 $a(EXLCZ)9936719349100041 100 $a20250203i20142020 uu 101 0 $afre 135 $aur||||||||||| 181 $ctxt$2rdacontent 182 $cc$2rdamedia 183 $acr$2rdacarrier 200 00$aMégare et les établissements mégariens de Sicile, de la Propontide et du Pont-Euxin. Histoire et institutions$fAdrian Robu 210 1$a[s.l.] :$cPeter Lang International Academic Publishers,$d2014. 215 $a1 online resource (1 p.) 311 08$a9781306932721 311 08$a1306932726 311 08$a9783034304610 311 08$a3034304617 330 $aThis book aims to offer a new interpretation of the settlement movement initiated by the city of Megara in archaic times. It shows the role of conflict between the aristocratic families for the departure of the Megarians and reveals the role of the heritage of the metropolis in the creation of institutions of colonial cities. 606 $aSocial Science / Archaeology$2bisacsh 606 $aLiterary Criticism / Ancient & Classical$2bisacsh 606 $aHistory / Ancient$2bisacsh 606 $aLiterature$xHistory and criticism 615 7$aSocial Science / Archaeology 615 7$aLiterary Criticism / Ancient & Classical 615 7$aHistory / Ancient 615 0$aLiterature$xHistory and criticism. 700 $aRobu$b Adrian$0864796 801 0$bScCtBLL 801 1$bScCtBLL 906 $aBOOK 912 $a9910917294403321 996 $aMe?gare et les e?tablissements me?gariens de Sicile, de la Propontide et du Pont-Euxin$91930311 997 $aUNINA